Самые многочисленные народы мира - Statistics

General Stats
  • This quiz has been taken 4 173 times
  • The average score is 16 of 50
Answer Stats
Численность Национальность % Correct
1310 млн. Хань
97%
150 млн. Русские
94%
150 млн. Немцы
80%
61 млн. Французы
79%
500 млн. Хиндустанцы
78%
45 млн. Украинцы
76%
135 млн. Испанцы
74%
130 млн. Японцы
74%
17 млн. Казахи
69%
110 млн. Англичане
68%
130 млн. Итальянцы
65%
450 млн. Арабы
63%
80 млн. Корейцы
63%
81 млн. Турки
62%
60 млн. Поляки
60%
31 млн. Португальцы
56%
40 млн. Узбеки
53%
20 млн. Таджики
43%
20 млн. Греки
42%
73 млн. Вьеты
33%
55 млн. Персы
29%
90 млн. Тайцы
28%
23 млн. Румыны
28%
30 млн. Азербайджанцы
25%
14 млн. Венгры
25%
34 млн. Курды
18%
28 млн. Голландцы
18%
230 млн. Бенгальцы
17%
63 млн. Пуштуны
9%
27 млн. Малайцы
9%
19 млн. Лао
9%
31 млн. Бирманцы
7%
125 млн. Яванцы
6%
77 млн. Тамилы
6%
120 млн. Пенджабцы
5%
16 млн. Кхмеры
5%
80 млн. Маратхи
4%
85 млн. Телугу
3%
105 млн. Бихарцы
2%
60 млн. Хауса
2%
60 млн. Гуджаратцы
2%
36 млн. Каннара
2%
30 млн. Игбо
2%
30 млн. Йоруба
2%
36 млн. Малаяли
1%
35 млн. Ория
1%
25 млн. Кечуа
1%
25 млн. Сунданцы
1%
16 млн. Чжуаны
1%
26 млн. Висайя
0%
No matching quizzes found
Score Distribution
Percent of People with Each Score
Percentile by Number Answered
Your Score History
You have not taken this quiz